00749nam a2200241 a 4500001001300000003000900013005001700022008004100039020000900080082001600089100002800105245006300133260003800196300000800234500003500242505001000277650003300287700002800320902000800348942000700356952012700363999001700490nice12345678IN_TiNIC20260116013728.0050524s1998 dela grp 000 0 eng  ac4000a297.64bALA aAl-Akkad, Abbas Mahmood aHazrat Bilalb the First Muadhdhin of the Prophet of Islam aDelhibIslamic Book Servicec1998 a90p aincludes index and biblioraphy2 aIndex aMuhammad, Prophet-Companions1 aAl-Akkad, Abbas Mahmood bSRS cBK 001040708StackRoom-aHMIbHMId2007-07-10g40.00l1o297.64 ALAp018254r2018-03-28s2016-11-07v40.00w2005-05-24yBK c12190d12190